Paesi più vicini alla Papua Nuova Guinea - Statistics

Statistiche generali
  • Questo quiz è stato fatto 61 volte
  • Il punteggio medio è 16 su 20
Statistiche sulle risposte
km paese % Corretto
4 Australia
100%
0 Indonesia
100%
3472 Nuova Zelanda
94%
2518 Figi
90%
514 Micronesia
90%
1953 Filippine
87%
2565 Malesia
87%
2226 Tuvalu
87%
5 Isole Salomone
83%
1263 Palau
83%
1485 Vanuatu
83%
1392 Nauru
81%
3578 Samoa
81%
3249 Tonga
81%
1875 Isole Marshall
79%
1636 Kiribati
75%
2950 Brunei
73%
1506 Timor-Leste
73%
3454 Taiwan
63%
3469 Giappone
58%
Nessun quiz corrispondente trovato
Distribuzione punteggi
Percentuale di utenti per punteggio
Percentile per numero di risposta
I tuoi punteggi nel tempo
Non hai fatto questo quiz